Coppie VIP - 2 - Statistics

Statistiche generali
  • Questo quiz è stato fatto 51 volte
  • Il punteggio medio è 7 su 15
Statistiche sulle risposte
VIP Partner / ex partner % Corretto
Meghan Markle Harry, duca di Sussex
81%
Cristiano Ronaldo Georgina Rodríguez / Irina Shayk
79%
Katy Perry Orlando Bloom / Russell Brand
69%
Nicole Kidman Keith Urban / Tom Cruise
67%
Kim Kardashian Kanye West
54%
Robert Pattinson Suki Waterhouse / Kristen Stewart
50%
Miley Cyrus Liam Hemsworth
48%
Javier Bardem Penélope Cruz
48%
Tim Burton Helena Bonham Carter
46%
Priyanka Chopra Nick Jonas
38%
Jessica Biel Justin Timberlake
35%
Ian Somerhalder Nina Dobrev / Nikki Reed
27%
Chris Hemsworth Elsa Pataky
19%
David Bowie Iman
17%
Channing Tatum Zoë Kravitz / Jenna Dewan
17%
Nessun quiz corrispondente trovato
Distribuzione punteggi
Percentuale di utenti per punteggio
Percentile per numero di risposta
I tuoi punteggi nel tempo
Non hai fatto questo quiz